000 005940000a22001810004500
003 MACL
005 20160603140927.0
008 160603b xxu||||| |||| 00| 0 eng d
040 _aMACL
_cMACL
041 _aHindi
082 _a920
100 _aडॉ मिलन, रमेश गुप्‍त
_961441
245 _aआचार्य काका कालेलकर
_cडॉ रमेश गुप्‍त मिलन
260 _bकरंट बुक हाउस
_c2011
_aदिल्‍ली
350 _a350
650 _aBiography
_962088
942 _cHIN
_k920/GUP
_2ddc
999 _c45939
_d45939